000 00569cam a2200205 4500
001 D8083
008 090401t1982 xxu||||| |||| 00| 0 eng d
035 _a(Sirsi) u11107
041 _aeng
050 _a690.3
100 _aRankin, I.
245 _aQuality control and tolerances for internal finishes in building
260 _aAscot, Berks
_bThe Chartered Institute of Building
_c1982
300 _a14p. 30cm
350 _a0
490 _aTechnical Information Service
_pSite Management
_v2
700 _aHarlow, Peter (ed)
942 _n0
948 _c04/03/1997
999 _c86812
_d86812